TH-SOF-0857-Sampled-Data Backstepping Controller For Gyroscope With Control Design Based On Approximate Discrete-Time Model (Record no. 589423)
[ view plain ]
| 000 -LEADER | |
|---|---|
| fixed length control field | 00441nam a22001337a 4500 |
| 040 ## - CATALOGING SOURCE | |
| Transcribing agency | NUST |
| 082 ## - DEWEY DECIMAL CLASSIFICATION NUMBER | |
| Classification number | 200 THE |
| 100 ## - MAIN ENTRY--PERSONAL NAME | |
| Personal name | Kashif Mehmood |
| 9 (RLIN) | 51454 |
| 110 ## - MAIN ENTRY--CORPORATE NAME | |
| Corporate name or jurisdiction name as entry element | Dr Fahad Mumtaz Malik |
| 9 (RLIN) | 91247 |
| 245 ## - TITLE STATEMENT | |
| Title | TH-SOF-0857-Sampled-Data Backstepping Controller For Gyroscope With Control Design Based On Approximate Discrete-Time Model |
| 260 ## - PUBLICATION, DISTRIBUTION, ETC. | |
| Place of publication, distribution, etc. | ISLAMABAD: |
| Name of publisher, distributor, etc. | NUST COLLEGE OF EME, |
| Date of publication, distribution, etc. | 2013. |
| 650 ## - SUBJECT ADDED ENTRY--TOPICAL TERM | |
| Topical term or geographic name entry element | MS-ELECT-67 |
| 9 (RLIN) | 86907 |
| 942 ## - ADDED ENTRY ELEMENTS (KOHA) | |
| Source of classification or shelving scheme | |
| Koha item type | Thesis |
| Withdrawn status | Lost status | Source of classification or shelving scheme | Damaged status | Not for loan | Permanent Location | Current Location | Shelving location | Date acquired | Total Checkouts | Full call number | Barcode | Date last seen | Price effective from | Koha item type |
|---|---|---|---|---|---|---|---|---|---|---|---|---|---|---|
| College of Electrical & Mechanical Engineering (CEME) | College of Electrical & Mechanical Engineering (CEME) | Thesis | 04/27/2022 | 200 THE | TH-SOF-0857 | 04/27/2022 | 04/27/2022 | Reference |
